Ligue 1 Logos Quiz - Statistics

General Stats
  • This quiz has been taken 1,832 times
    1,791 since last reset
  • The average score is 16 of 20
Answer Stats
Picture Answer % Correct
Olympique Lyonnais
96%
Paris Saint-Germain
94%
Olympique Marseille
91%
AS Monaco
90%
LOSC Lille
90%
Nice
90%
Montpellier
86%
Nantes
86%
Lens
84%
Rennais
81%
Toulouse
79%
Strasbourg
78%
Brest
77%
Auxerre
74%
Angers
71%
Lorient
71%
Reims
71%
Ajaccio
66%
Estac Troyes
62%
Clermont Foot
61%
No matching quizzes found
Score Distribution
Percent of People with Each Score
Percentile by Number Answered
Your Score History
You have not taken this quiz since the last reset